000 01118naa a2200229 i 4500
001 BPP
003 BPK
005 20180201131651.0
008 150409s2001 cze f |100 0 eng
040 _cBPK
041 _aeng
044 _aCZE
100 _aNYKIEL, Tadeusz.
_d1996 - 2003.
_bPolitechnika Koszalińska - Wydział Mechaniczny,
_cKatedra Inżynierii Materiałowej
245 _aEffect of austenitizing temperature and time on the matrix composition and structure in steel of about 2%C and 12%Cr type with the additives of W and V /
_cTadeusz Nykiel, Tadeusz Hryniewicz.
260 _c2001.
500 _aDane z bibliografii załącznikowej.
655 0 _aMateriały konferencyjne.
700 _aHRYNIEWICZ, Tadeusz.
_d1996 - .
_bPolitechnika Koszalińska - Wydział Mechaniczny,
_cKatedra Elektrotechniki i Elektrochemii
773 _iW :
_tMetal 2001 : 10th International Metallurgical and Materials Conference : Proceedings. -
_g2001, s. 191
711 _aInternational Metallurgical and Materials Conference METAL 2001
_n(10 ;
_d2001 ;
_cOstrava, Czechy).
_pMETAL 2001
942 _cART
_2UKD
999 _c6193
_d6193